Normal view
MARC view
- ندوة موازنة الأداء والبرامج (1997 : القاهرة)
Entry Personal Name
001 - CONTROL NUMBER
- control field: 32913
003 - CONTROL NUMBER IDENTIFIER
- control field: JO-AjAnu
005 - DATE AND TIME OF LATEST TRANSACTION
- control field: 20230606075528.0
008 - FIXED-LENGTH DATA ELEMENTS
- fixed length control field: 230606|| aca||aabn | a|a d
040 ## - CATALOGING SOURCE
- Original cataloging agency: JO-AjAnu
- Transcribing agency: JO-AjAnu
100 ## - HEADING--PERSONAL NAME
- Personal name: ندوة موازنة الأداء والبرامج (1997 : القاهرة)
670 ## - SOURCE DATA FOUND
- Source citation: Work cat.: (JO-AjAnu)16909: ندوة موازنة الأداء والبرامج (1997 : القاهرة), author, أوراق ووقائع ندوة موازنة الأداء والبرامج